| 000 | 00924cam a22002531 4500 | ||
|---|---|---|---|
| 001 | gs 64000234 | ||
| 003 | DLC | ||
| 005 | 20260227111414.0 | ||
| 008 | 760417s1964 dcu 000 0 eng | ||
| 010 | _ags 64000234 | ||
| 035 | _a(OCoLC)2118207 | ||
| 040 |
_aDLC _cNmU _dISS _dOCoLC _dDLC |
||
| 042 | _apremarc | ||
| 050 | 0 | 0 |
_aQE75 _b.P9 no. 505 |
| 086 | 0 | _aI 19.16:505 | |
| 100 | 1 |
_aRobinson, G. D. _q(Gershon Du Vall), _d1918- |
|
| 245 | 1 | 0 |
_aPhilmont country: _bthe rocks and landscape of a famous New Mexico ranch, _cby G. D. Robinson [and others] Illustrated by John R. Stacy. |
| 260 |
_aWashington, _bU.S. Govt. Print. Off., _c1964. |
||
| 300 |
_aviii, 152 p. _billus., maps (3 col.) diagrs. (2 col.) 29 cm. |
||
| 440 | 0 |
_a[U. S.] Geological Survey. _vProfessional paper 505 |
|
| 500 | _aPart of illustrative matter in pocket. | ||
| 504 | _aBibliography: p. 150. | ||
| 650 | 0 |
_aGeology _zNew Mexico _zColfax County. |
|
| 999 |
_c29853 _d29853 |
||